Normal view
MARC view
Entry Personal Name
001 - CONTROL NUMBER
- control field: 6279
003 - CONTROL NUMBER IDENTIFIER
- control field: OSt
005 - DATE AND TIME OF LATEST TRANSACTION
- control field: 20190616113942.0
008 - FIXED-LENGTH DATA ELEMENTS
- fixed length control field: 190616|| aca||aabn | a|a d
040 ## - CATALOGING SOURCE
- Original cataloging agency: OSt
- Transcribing agency: OSt
100 ## - HEADING--PERSONAL NAME
- Personal name: Coxhead, Ian
670 ## - SOURCE DATA FOUND
- Source citation: Work cat.: (OSt): Coxhead, Ian, Enviromentalism with Chinese characteristics - a review of Matthew E. Kahn and Siqi Zheng's Blue skies over Beijing: economic growth and the environment in China, 2019
